000 00565nam a2200205Ia 4500
005 20250508164242.0
008 008 250505s9999 xx 000 0 eng d
020 _a081-7450-264-5
037 _aReference
040 _aFEDL
_beng
_cFEDL
041 _aeng
_2eng
084 _a510, NCE
_qFEDL
100 _aSingal Asha Rani
245 0 _aMathematics : Textbook for class VIII
245 0 _cNational Council of Educational Research and Training
260 _c2004
300 _axii,322p.
942 _cREF
_h510, NCE
999 _c1387955
_d1387955